Language Quiz

Random Language Quiz
Score 0/7 Timer 03:00
0 Plays Today
Day Origin % Correct
SundayThe Sun
93.4%
MondayThe Moon
68.6%
ThursdayThor
61.3%
SaturdaySaturn
54.7%
WednesdayWoden
37.2%
FridayFrey
35.8%
TuesdayTyr
20.4%
Remove Ads.
Support Sporcle.
Get the best of Sporcle when you Go Orange. This ad-free experience offers more features, more stats, and more fun while also helping to support Sporcle. Thank you for becoming a member.

You're not logged in!

Compare scores with friends on all Sporcle quizzes.
OR
Log In

Show Comments

Extras

Created Oct 7, 2009ReportNominate
Tags:origin, Week

Top Quizzes Today


Score Distribution

Your Account Isn't Verified!

In order to create a playlist on Sporcle, you need to verify the email address you used during registration. Go to your Sporcle Settings to finish the process.

Report this User

Report this user for behavior that violates our Community Guidelines.

Details: